Statistiche per Stati con più isole

Clicka qui per fare il quiz!

Statistiche generali

  • Questo quiz è stato fatto 114 volte
  • Il punteggio medio è 11 su 15

Statistiche sulle risposte

Numero di isoleNumero di isole abitateNazione% Corretto
17 5086 000Indonesia
93%
120 729430Giappone
92%
18 61710 000Stati Uniti
89%
239 0574Norvegia
88%
52 455Canada
82%
7 6412 000Filippine
82%
267 570984Svezia
82%
8 222Australia
80%
178 947780Finlandia
80%
6 961433Cina
73%
6 346129Regno Unito
68%
6 000227Grecia
66%
43 4712 324Cile
53%
3 3582 876Corea del Sud
31%
4 195Cuba
31%

Distribuzione punteggi

Percentile per numero di risposta

Percentuale di utenti per punteggio

I tuoi punteggi nel tempo

Non hai fatto questo quiz